Materials Technology for TEC Level 2 (Record no. 564527)
[ view plain ]
| 000 -LEADER | |
|---|---|
| fixed length control field | 00265nam a2200097Ia 4500 |
| 008 - FIXED-LENGTH DATA ELEMENTS--GENERAL INFORMATION | |
| fixed length control field | 210430s9999 xx 000 0 und d |
| 082 ## - DEWEY DECIMAL CLASSIFICATION NUMBER | |
| Classification number | 620.11 R1651M |
| 100 ## - MAIN ENTRY--PERSONAL NAME | |
| Personal name | Kiddle, P F |
| 9 (RLIN) | 54066 |
| 245 ## - TITLE STATEMENT | |
| Title | Materials Technology for TEC Level 2 |
| Statement of responsibility, etc. | Kiddle, P F |
| 942 ## - ADDED ENTRY ELEMENTS (KOHA) | |
| Koha item type | Book |
| Source of classification or shelving scheme | |
| Withdrawn status | Lost status | Damaged status | Not for loan | Collection code | Permanent Location | Current Location | Shelving location | Date acquired | Total Checkouts | Total Renewals | Full call number | Barcode | Date last seen | Date last checked out | Price effective from | Koha item type |
|---|---|---|---|---|---|---|---|---|---|---|---|---|---|---|---|---|
| School of Chemical & Materials Engineering (SCME) | School of Chemical & Materials Engineering (SCME) | General Stacks | 3 | 6 | 620.11 R1651M | SCME-3744 | 05/29/2023 | 04/06/2023 | 04/30/2021 | Book |
